• 首页
  • 本馆介绍
  • 公告通知
  • 最新文献
  • 馆藏检索
  • 电子资源
  • 读者导购
  • 参考咨询
  • 我的图书馆
  • 登录
  • 详细信息显示
  • 放入我的书架
  • 预约/预借图书
  • 作者相关作品
  • 分类相关作品
  • 丛书相关作品
  • 出版社相关作品

书目信息

  • 表格格式
  • 工作单格式
  • 卡片格式
题名:
国民素质建构与基础教育改革
    
 
作者: 郭文安 , 陈东升 著
分册:  
出版信息: 北京   人民教育出版社  1997
页数: 217页
开本: 20cm
丛书名:
单 册:
中图分类: B825 , G62
科图分类:
主题词: 个人--修养--研究--中国 , 个人 , 修养 , 基础教育--全面发展(教育)--研究--中国 , 基础教育 , 全面发展(教育)
电子资源:
ISBN: 7-107-11843-9
000 00819nam0 2200289 450
001 1573414962
005 20151111112645.73
010    @a7-107-11843-9@dCNY8.70
100    @a19970911d1997 emky0chiy0110 ea
101 0  @achi
102    @aCN@b110000
105    @ay z 000yy
200 1  @a国民素质建构与基础教育改革@9guo min su zhi jian gou yu ji chu jiao yu gai ge@f郭文安,陈东升著
210    @a北京@c人民教育出版社@d1997
215    @a217页@d20cm
606 0  @a个人@x修养@x研究@y中国
606 0  @a个人
606 0  @a修养
606 0  @a基础教育@x全面发展(教育)@x研究@y中国
606 0  @a基础教育
606 0  @a全面发展(教育)
690    @aB825@v5
690    @aG62@v5
701  0 @a郭文安@9guo wen an@4著
701  0 @a陈东升@9chen dong sheng@4著
801  0 @aCN@bTSSF@c20150204
905    @aZUCC@dB825@eJY257
    
    国民素质建构与基础教育改革/郭文安,陈东升著.-北京:人民教育出版社,1997
    217页;20cm
    
    
    ISBN 7-107-11843-9:CNY8.70
    
●
相关链接 在E读中查询图书 在五车中查询图书 在当当中查询图书 在豆瓣中查询图书


正题名:国民素质建构与基础教育改革     索取号:B825/JY257         预约/预借

序号 登录号 条形码 馆藏地/架位号 状态 备注
1 7865666   278656660   学院路分馆/ [索取号:B825/JY257] 在馆    
唐山师范学院图书馆 欢迎您!
大连网信软件有限公司© 版权所有